Kathak Lok: (Record no. 190025)

MARC details
000 -LEADER
fixed length control field 00602nam a22001937a 4500
005 - DATE AND TIME OF LATEST TRANSACTION
control field 20220715162737.0
010 ## - LCCN (DPL NO)
LC control number ENG-133611
020 ## - INTERNATIONAL STANDARD BOOK NUMBER
Terms of availability 750.00
International Standard Book Number 9789390961429
035 ## - SYSTEM CONTROL NUMBER
System control number EN-117143
037 ## - SOURCE OF ACQUISITION
Source of stock number/acquisition DBAD/PUB
082 ## - DEWEY DECIMAL CLASSIFICATION NUMBER
Classification number 793.31954
100 ## - MAIN ENTRY--PERSONAL NAME
Personal name Narayan,Shovana
245 ## - TITLE STATEMENT
Title Kathak Lok:
Statement of responsibility, etc by Shovana Narayan and Geetika Kalha
Remainder of title Temple,Tradition,and History/
260 ## - PUBLICATION, DISTRIBUTION, ETC. (IMPRINT)
Place of publication, distribution, etc New Delhi
Date of publication, distribution, etc 2022
Name of publisher, distributor, etc Vitasta Publishing
270 ## - ADDRESS
Address 2/15 Ansari Road,Daryaganj,
City New Delhi
Postal code 110002
300 ## - PHYSICAL DESCRIPTION
Extent xvii;346p.
Dimensions 24cm(Hb)
700 ## - ADDED ENTRY--PERSONAL NAME
Personal name Kalha,Geetika
942 ## - ADDED ENTRY ELEMENTS (KOHA)
Source of classification or shelving scheme Dewey Decimal Classification
Item type English Books
Classification part 793.31954
Call number suffix NAR
Holdings
Withdrawn status Lost status Not for loan Collection code Home library Current library Date acquired Source of acquisition Cost, normal purchase price Full call number Barcode Copy number Cost, replacement price Koha item type
      Non-fiction Bawana Bawana 15/07/2022 DBAD/PUB 750.00 793.31954 NAR EN-117143 1 750.00 English Books

© Delhi Public Library
Hit Counter
free hit counter